| 000 | 00825nam a22002297a 4500 | ||
|---|---|---|---|
| 005 | 2010081308408.0 | ||
| 010 | _aENG-100149 | ||
| 020 |
_a9788132102403 _c595.00 |
||
| 035 | _aEN-83681 | ||
| 037 | _bDBAD/PUB | ||
| 082 | _a306.09 | ||
| 100 |
_aNayar, Pramod K. _912787 |
||
| 245 |
_aPackaging life : _cby Pramod K. Nayar _bcultures of the everyday / |
||
| 260 |
_aNew Delhi _bSage Publications _c2009 |
||
| 270 |
_aB1/1-1 Mohan Cooperative Industrial Area Mathura Road, _bNew Delhi _e110044 |
||
| 300 |
_axxv, 218p. _c22cm (Hb) |
||
| 500 | _aIncludes index | ||
| 650 |
_aComopolitanism _912788 |
||
| 650 |
_aCulture _912789 |
||
| 942 |
_2ddc _cEN _h306.09 _mNAY |
||
| 999 |
_c41672 _d41672 |
||